| Tag |
First Indicator |
Second Indicator |
Subfields |
| LEADER |
00000cam a2200000 4500 |
| 001 |
in00000458721 |
| 005 |
20151012093531.0 |
| 008 |
760809s1924 enk b 00110 eng d |
| 035 |
|
|
|a (OCoLC)02361901
|
| 035 |
|
|
|9 ABY8517AM
|
| 040 |
|
|
|c FGM
|d TXA
|d UtOrBLW
|
| 041 |
1 |
|
|a eng
|a ger
|
| 049 |
|
|
|a TXAM
|c [178297]
|
| 090 |
|
|
|a HN8
|b .B43 1924a
|
| 100 |
1 |
|
|a Beer, Max,
|d 1864-1943.
|
| 245 |
1 |
0 |
|a Social struggles in the Middle Ages /
|c by M. Beer, translated by H. J. Stenning and revised by the author.
|
| 264 |
|
1 |
|a London :
|b Allen & Unwin,
|c [1924]
|
| 300 |
|
|
|a 215 pages ;
|c 19 cm.
|
| 336 |
|
|
|a text
|b txt
|2 rdacontent
|
| 337 |
|
|
|a unmediated
|b n
|2 rdamedia
|
| 338 |
|
|
|a volume
|b nc
|2 rdacarrier
|
| 500 |
|
|
|a "The first part of a General history of socialism and social struggles has already appeared in English under the title of Social struggles in antiquity, and parts III., IV., and V., which complete the work, will subsequently be published in English."- Pref.
|
| 504 |
|
|
|a Bibliography: pages 209-212.
|
| 505 |
0 |
|
|a The social thought of the middle ages.--Migration of nations and reorganization.--From communism to private property.--The essence of the heretical-social movement.--The spread and persecution of the Cathari.
|
| 650 |
|
0 |
|a Social history.
|
| 650 |
|
0 |
|a Communism
|x History.
|
| 650 |
|
0 |
|a Church history
|y Middle Ages, 600-1500.
|
| 650 |
|
0 |
|a Sects.
|
| 700 |
1 |
|
|a Stenning, H. J.
|q (Henry James),
|d 1889-
|
| 999 |
|
|
|a MARS
|
| 999 |
f |
f |
|s dfa26a0f-7aa7-34e3-a404-8b535cdba27d
|i 95c2effc-fbfd-31e1-acd1-f7a89627b2e1
|t 0
|
| 952 |
f |
f |
|p ric
|a Texas A&M University
|b Rellis Campus
|c Joint Library Facility
|d Remote Storage
|t 0
|e HN8 .B43 1924a
|h Library of Congress classification
|i unmediated -- volume
|m A14802927344
|
| 998 |
f |
f |
|a HN8 .B43 1924a
|t 0
|l Remote Storage
|